000
00248 a2200097 4500
020
_a
9789391946067
100
_a
Narayan Gangopadhyaya
245
_a
Aakashakkottaram(ആകാശക്കൊട്ടാരം)
260
_b
SPCS
_c
2021
942
_c
OO
999
_c
115404
_d
115403